Normal view
MARC view
- Ding, Li.
Entry Personal Name
001 - CONTROL NUMBER
- control field: 54605
003 - CONTROL NUMBER IDENTIFIER
- control field: OSt
005 - DATE AND TIME OF LATEST TRANSACTION
- control field: 20240313105540.0
008 - FIXED-LENGTH DATA ELEMENTS
- fixed length control field: 240313|| aca||aabn | a|a d
040 ## - CATALOGING SOURCE
- Original cataloging agency: OSt
- Transcribing agency: OSt
100 ## - HEADING--PERSONAL NAME
- Personal name: Ding, Li.
- Relator term: author.
670 ## - SOURCE DATA FOUND
- Source citation: Work cat.: (OSt): Zhang, Yue. author. 54604, A direct actual-power control scheme for current-fed dual-active-bridge DC/DC converter based on virtual impedance estimation /, August 2022.
